ARRUPE JESUIT UNIVERSITY

CORONAVIRUS -STOP THE SPREAD - CLEAN,DISINFECT,COVER

For and against method : (Record no. 131104)

MARC details
000 -LEADER
fixed length control field 01752cam a22003734a 4500
001 - CONTROL NUMBER
control field 2629292
003 - CONTROL NUMBER IDENTIFIER
control field ARRUPE
005 - DATE AND TIME OF LATEST TRANSACTION
control field 20211104100518.0
008 - FIXED-LENGTH DATA ELEMENTS--GENERAL INFORMATION
fixed length control field 990114s1999 ilu b 001 0deng
010 ## - LIBRARY OF CONGRESS CONTROL NUMBER
LC control number 99013581
020 ## - INTERNATIONAL STANDARD BOOK NUMBER
International Standard Book Number 0226467740 (alk. paper)
020 ## - INTERNATIONAL STANDARD BOOK NUMBER
International Standard Book Number 0226467759 (pbk. : alk. paper)
040 ## - CATALOGING SOURCE
Original cataloging agency DLC
Transcribing agency DLC
Modifying agency DLC
042 ## - AUTHENTICATION CODE
Authentication code pcc
050 00 - LIBRARY OF CONGRESS CALL NUMBER
Classification number Q175.3
Item number .L35 1999
082 00 - DEWEY DECIMAL CLASSIFICATION NUMBER
Classification number 501
Edition number 21
300 ## - PHYSICAL DESCRIPTION
Dimensions 24 cm.
100 1# - MAIN ENTRY--PERSONAL NAME
Personal name Lakatos, Imre.
9 (RLIN) 15098
245 10 - TITLE STATEMENT
Title For and against method :
Remainder of title including Lakatos's lectures on scientific method and the Lakatos-Feyerabend correspondence /
Statement of responsibility, etc Imre Lakatos and Paul Feyerabend ; edited and with an introduction by Matteo Motterlini.
260 ## - PUBLICATION, DISTRIBUTION, ETC. (IMPRINT)
Place of publication, distribution, etc Chicago :
Name of publisher, distributor, etc University of Chicago Press,
Date of publication, distribution, etc 1999.
300 ## - PHYSICAL DESCRIPTION
Extent xi, 451 p. ;
504 ## - BIBLIOGRAPHY, ETC. NOTE
Bibliography, etc Includes bibliographical references (p. 409-430) and index.
600 10 - SUBJECT ADDED ENTRY--PERSONAL NAME
Personal name Lakatos, Imre
Form subdivision Correspondence.
9 (RLIN) 50976
600 10 - SUBJECT ADDED ENTRY--PERSONAL NAME
Personal name Feyerabend, Paul,
Dates associated with a name 1924-1994
Form subdivision Correspondence.
9 (RLIN) 50977
650 #0 - SUBJECT ADDED ENTRY--TOPICAL TERM
Topical term or geographic name as entry element Science
General subdivision Methodology.
650 #0 - SUBJECT ADDED ENTRY--TOPICAL TERM
Topical term or geographic name as entry element Science
General subdivision Philosophy.
700 1# - ADDED ENTRY--PERSONAL NAME
Personal name Feyerabend, Paul,
Dates associated with a name 1924-1994.
9 (RLIN) 13175
700 1# - ADDED ENTRY--PERSONAL NAME
Personal name Motterlini, Matteo.
9 (RLIN) 50978
856 42 - ELECTRONIC LOCATION AND ACCESS
Materials specified Publisher description
Uniform Resource Identifier <a href="http://www.loc.gov/catdir/description/uchi051/99013581.html">http://www.loc.gov/catdir/description/uchi051/99013581.html</a>
856 42 - ELECTRONIC LOCATION AND ACCESS
Materials specified Contributor biographical information
Uniform Resource Identifier <a href="http://www.loc.gov/catdir/bios/uchi051/99013581.html">http://www.loc.gov/catdir/bios/uchi051/99013581.html</a>
856 41 - ELECTRONIC LOCATION AND ACCESS
Materials specified Table of contents
Uniform Resource Identifier <a href="http://www.loc.gov/catdir/toc/uchi052/99013581.html">http://www.loc.gov/catdir/toc/uchi052/99013581.html</a>
906 ## - LOCAL DATA ELEMENT F, LDF (RLIN)
a 7
b cbc
c orignew
d 1
e ocip
f 19
g y-gencatlg
942 ## - ADDED ENTRY ELEMENTS (KOHA)
Source of classification or shelving scheme Library of Congress Classification
Koha item type Monograph ( Printed materials)
Holdings
Withdrawn status Lost status Source of classification or shelving scheme Damaged status Not for loan Collection code Home library Current library Shelving location Date acquired Total Checkouts Full call number Barcode Date last seen Price effective from Koha item type
    Library of Congress Classification     Main Collection ARRUPE LIBRARY ARRUPE LIBRARY Main Collection 04/11/2021   Q175.3 .L35 1999 46600007098 04/11/2021 04/11/2021 Monograph ( Printed materials)

 

Arrupe Library. PO Box MP320 Mt Pleasant, Harare, Zimbabwe
263 242 745411|librarian@aju.ac.zw